| Tag |
First Indicator |
Second Indicator |
Subfields |
| LEADER |
00000cam a2200000 a 4500 |
| 001 |
in00002781825 |
| 005 |
20150922114920.0 |
| 008 |
120503s2012 enka b 001 0 eng |
| 010 |
|
|
|a 2012018486
|
| 016 |
7 |
|
|a 016090976
|2 Uk
|
| 020 |
|
|
|a 9781107017658 (hardback)
|
| 020 |
|
|
|a 1107017653 (hardback)
|
| 035 |
|
|
|a (OCoLC)ocn781677304
|
| 035 |
|
|
|a (OCoLC)781677304
|
| 040 |
|
|
|a DLC
|b eng
|c DLC
|d BTCTA
|d UKMGB
|d OCLCO
|d CDX
|d TXA
|d UtOrBLW
|
| 042 |
|
|
|a pcc
|
| 049 |
|
|
|a TXAM
|
| 050 |
0 |
0 |
|a QA564
|b .D638 2012
|
| 082 |
0 |
0 |
|a 516.3/5
|2 23
|
| 084 |
|
|
|a MAT038000
|2 bisacsh
|
| 100 |
1 |
|
|a Dolgachev, I.
|q (Igor V.)
|
| 245 |
1 |
0 |
|a Classical algebraic geometry :
|b a modern view /
|c Igor V. Dolgachev.
|
| 264 |
|
1 |
|a Cambridge, UK ;
|a New York :
|b Cambridge University Press,
|c 2012.
|
| 300 |
|
|
|a xii, 639 pages :
|b illustrations ;
|c 24 cm.
|
| 336 |
|
|
|a text
|b txt
|2 rdacontent
|
| 337 |
|
|
|a unmediated
|b n
|2 rdamedia
|
| 338 |
|
|
|a volume
|b nc
|2 rdacarrier
|
| 504 |
|
|
|a Includes bibliographical references and index.
|
| 520 |
|
|
|a "Algebraic geometry has benefited enormously from the powerful general machinery developed in the latter half of the twentieth century. The cost has been that much of the research of previous generations is in a language unintelligible to modern workers, in particular, the rich legacy of classical algebraic geometry, such as plane algebraic curves of low degree, special algebraic surfaces, theta functions, Cremona transformations, the theory of apolarity and the geometry of lines in projective spaces. The author's contemporary approach makes this legacy accessible to modern algebraic geometers and to others who are interested in applying classical results. The vast bibliography of over 600 references is complemented by an array of exercises that extend or exemplify results given in the book"--
|c Provided by publisher.
|
| 505 |
2 |
|
|a 1. Polarity -- 2. Conics and quadrics -- 3. Plane cubics -- 4. Determinantal equations -- 5. Theta characteristics -- 6. Plane quartics -- 7. Cremona transformations -- 8. Del Pezzo surfaces -- 9. Cubic surfaces -- 10. Geometry of lines
|
| 650 |
|
0 |
|a Geometry, Algebraic.
|
| 650 |
|
7 |
|a MATHEMATICS / Topology.
|2 bisacsh
|
| 856 |
4 |
2 |
|3 Cover image
|u http://assets.cambridge.org/97811070/17658/cover/9781107017658.jpg
|t 0
|
| 994 |
|
|
|a C0
|b TXA
|
| 948 |
|
|
|a cataloged
|b h
|c 2012/9/24
|d c
|e nbehmer
|f 3:40:09 pm
|
| 999 |
|
|
|a MARS
|
| 999 |
f |
f |
|s edf26507-3073-32a4-9da6-bb692c5270b9
|i 48098d09-f51d-3b0b-9f59-0065919df888
|t 0
|
| 952 |
f |
f |
|p normal
|a Texas A&M University
|b College Station
|c Sterling C. Evans Library
|s Evans stk
|d Evans: Library Stacks
|t 0
|e QA564 .D638 2012
|h Library of Congress classification
|i unmediated -- volume
|m A14841522343
|
| 998 |
f |
f |
|a QA564 .D638 2012
|t 0
|l Evans: Library Stacks
|